<?xml version="1.0" encoding="UTF-8"?>
<record
    xmlns:xsi="http://www.w3.org/2001/XMLSchema-instance"
    xsi:schemaLocation="http://www.loc.gov/MARC21/slim http://www.loc.gov/standards/marcxml/schema/MARC21slim.xsd"
    xmlns="http://www.loc.gov/MARC21/slim">

  <leader>01263njm a22002897a 4500</leader>
  <controlfield tag="005">20100907121214.0</controlfield>
  <controlfield tag="007">sd ammalaaahaa</controlfield>
  <controlfield tag="008">100830t        xxu||||| |||| 00| 0 eng d</controlfield>
  <datafield tag="028" ind1=" " ind2=" ">
    <subfield code="a">N.74603</subfield>
    <subfield code="b">His Master's Voice</subfield>
  </datafield>
  <datafield tag="035" ind1=" " ind2=" ">
    <subfield code="a">GR-01108</subfield>
  </datafield>
  <datafield tag="040" ind1=" " ind2=" ">
    <subfield code="a">SED</subfield>
    <subfield code="c">SED</subfield>
  </datafield>
  <datafield tag="100" ind1=" " ind2=" ">
    <subfield code="a">Mangeshkar, Lata</subfield>
    <subfield code="9">18698</subfield>
  </datafield>
  <datafield tag="245" ind1=" " ind2=" ">
    <subfield code="a">Grahasti /</subfield>
    <subfield code="c">sung by Lata Mangeshkar ,Asha Bhosle [and] Usha Mangeshkar Music dtn by Ravi ; Lyric by Shakeel Badayuni</subfield>
    <subfield code="h">[sound recording]:</subfield>
  </datafield>
  <datafield tag="246" ind1=" " ind2=" ">
    <subfield code="a">&#x917;&#x94D;&#x930;&#x939;&#x938;&#x94D;&#x924;&#x940; / </subfield>
  </datafield>
  <datafield tag="260" ind1=" " ind2=" ">
    <subfield code="a">Dum Dum, India:</subfield>
    <subfield code="b">His Master 's Voice</subfield>
    <subfield code="c">1963</subfield>
  </datafield>
  <datafield tag="300" ind1=" " ind2=" ">
    <subfield code="a">1 sound disc [GramphoneRecording]:</subfield>
    <subfield code="b">analog,33.1/3 rpm </subfield>
    <subfield code="c">9.5 in.(MP)</subfield>
    <subfield code="f">Gramphones Records</subfield>
  </datafield>
  <datafield tag="500" ind1=" " ind2=" ">
    <subfield code="a">Brief Record</subfield>
  </datafield>
  <datafield tag="505" ind1=" " ind2=" ">
    <subfield code="a">Side1 &#x916;&#x93F;&#x932;&#x947; &#x939;&#x948;&#x902; &#x938;&#x916;&#x940; &#x906;&#x91C;(Khile hain sakhi aaaj)( Lata Mangeshkar ,Asha Bhosle [and] Usha Mangeshkar) Side 2 &#x91C;&#x93C;&#x930;&#x93E; &#x926;&#x947;&#x916; &#x938;&#x928;&#x92E; ( Zara dekh sanam) (Lata Mangeshkar).</subfield>
  </datafield>
  <datafield tag="650" ind1=" " ind2=" ">
    <subfield code="x">Experts</subfield>
    <subfield code="z">India</subfield>
    <subfield code="9">17446</subfield>
    <subfield code="a">Motion picture music</subfield>
  </datafield>
  <datafield tag="700" ind1=" " ind2=" ">
    <subfield code="a">Mangeshkar,Usha </subfield>
    <subfield code="9">18779</subfield>
  </datafield>
  <datafield tag="700" ind1=" " ind2=" ">
    <subfield code="a">Badayuni,Shakeel </subfield>
    <subfield code="9">18784</subfield>
  </datafield>
  <datafield tag="700" ind1=" " ind2=" ">
    <subfield code="a">Bhosle,Asha </subfield>
    <subfield code="9">18785</subfield>
  </datafield>
  <datafield tag="700" ind1=" " ind2=" ">
    <subfield code="a">Ravi </subfield>
    <subfield code="9">18786</subfield>
  </datafield>
  <datafield tag="700" ind1=" " ind2=" ">
    <subfield code="a">Ludhainvi,Sahir</subfield>
    <subfield code="9">18780</subfield>
  </datafield>
  <datafield tag="942" ind1=" " ind2=" ">
    <subfield code="2">ddc</subfield>
    <subfield code="c">GR</subfield>
  </datafield>
  <datafield tag="999" ind1=" " ind2=" ">
    <subfield code="c">44322</subfield>
    <subfield code="d">44322</subfield>
  </datafield>
  <datafield tag="952" ind1=" " ind2=" ">
    <subfield code="0">0</subfield>
    <subfield code="1">0</subfield>
    <subfield code="2">ddc</subfield>
    <subfield code="4">0</subfield>
    <subfield code="7">1</subfield>
    <subfield code="8">NFIC</subfield>
    <subfield code="a">L</subfield>
    <subfield code="b">L</subfield>
    <subfield code="d">2010-09-07</subfield>
    <subfield code="e">SED/VEN</subfield>
    <subfield code="l">0</subfield>
    <subfield code="p">GR-01108</subfield>
    <subfield code="r">2010-09-07 00:00:00</subfield>
    <subfield code="t">1 </subfield>
    <subfield code="w">2010-09-07</subfield>
    <subfield code="y">GR</subfield>
  </datafield>
</record>
